000
00303nam a22001217a 4500
020
_a
0834217813
082
_a
664.00284 MOR/AU
100
_a
Moreira, Rosana G
245
_a
Automatic Control for Food Processing Systems
260
_a
Gaithersburg
_b
Aspen Publishers
_c
2001
300
_a
333
942
_c
BK
999
_c
13882
_d
13882